000 01009nam a2200253 a 4500
001 53548
003 BD-RjUL
005 20211215151026.0
008 161017s1967 bg ||||| |||| 001 0 ben d
020 _c: PRs. 7.50
035 _a(BD-RjUL)53670
040 _aBD-RjUL
_bben
_cBD-RjUL
_dBD-RjUL
041 _aben
082 _223
_aB 891.4409
_bSAM 1967
100 _aসাকলায়েন, গোলাম
_9116893
245 1 0 _aমুসলিম সাহিত্য ও সাহিত্যিক /
_cগোলাম সাকলায়েন
250 _a১ম সং.
260 _aঢাকা :
_bনওরোজ কিতাবস্থান,
_c১৯৬৭
300 _a৪১৪, [২] পৃ. ;
_c২১ সেমি.
500 _aনির্ঘণ্ট সংযুক্ত
650 _aবাংলা সাহিত্য
_xইতিহাস ও সমালোচনা
_9117020
650 _aBengali literature
_xHistory and criticism.
_9117020
942 _2ddc
_cBK
999 _c53548
_d53548